01640nam a2200385 a 4500001001000000003000500010005001700015008004100032010001100073011001100084040000900095090001000104100004300114245018400157260004100341500006000382502009100442590003700533590004000570590004000610590004000650650002900690650004400719650003000763650003200793700003500825856001600860856007000876901000700946942001000953942000600963999001900969952013100988952013501119000113694CHAP20220329144408.0170908s2017 mx sm |||||||spa d a110155 a111127 cCHAP aTesis1 aAvendaño Martínez, Jesús913329110aModelo óptimo de transporte para la comercialización del aguacate (Persea americana Mill) en Méxicoh[En línea]cpor Jesús Avendaño Martínez y Edgardo Bruno Carmona. aChapingo, Méx. :bEl autor,c2017. aPara ver el contenido del material haga clic en la liga aTesis (Lic. en Economía) -- UACH. División de Ciencias Económico Administrativas aBATCHb00c20181121lUCH01h0758 aE8697GMMb05c20170908lUCH01h1012 aE8697GMMb05c20170908lUCH01h1015 aE8697GMMb05c20170911lUCH01h090014aAguacatexConsumo.9250114aAguacatexCostos de producción.9250314aAguacatexMercadeo.9253414aAguacatexTransporte.925581 aBruno Carmona, Edgardo9133292 a1 n0000614 aFinding aiduhttp://10.13.5.2/tesis/sist113694.pdfzTeclea aquí aBK cTESIS n0 c110155d110155 00104054718TESISaBCbBCd2017-09-08fTESISl0oTesisp113695-10r2019-12-31 00:00:00w2019-12-31yTESISzRecien adquirido 00102local4053708TESISaBCbBCcPA_TESISd2017-09-08fTESISl0oTesisp113695-20r2019-12-31 00:00:00tc.2w2019-12-31yTESIS